Fyzika pre 2. ročník pedagogických škôl /

Main Author: Bělař, Antonín, 1899-1976
Other Authors: Janovič, Jozef, 1932-, Pecho, Alojz
Language: Slovak
Published: Bratislava : Slovenské pedagogické nakladateľstvo, 1966
Edition: 1. vyd.
Physical Description: 144 s. ; 8° + 2 příl.
Book
Saved in:
LEADER 00808nam a22002292a 4500
001 001334929
003 CZ BrMZK
005 20131011112043.0
007 ta
008 131011s1966 xo er|||||||||||slo d
040 |a ABA001  |b cze  |d ABA001  |d BOA001 
100 1 |a Bělař, Antonín,  |d 1899-1976  |7 jk01011417  |4 aut 
245 1 0 |a Fyzika pre 2. ročník pedagogických škôl /  |c sprac. Antonín Bělař, Jozef Janovič, Alojz Pecho 
250 |a 1. vyd. 
260 |a Bratislava :  |b Slovenské pedagogické nakladateľstvo,  |c 1966 
300 |a 144 s. ;  |c 8° +  |e 2 příl. 
700 1 |a Janovič, Jozef,  |d 1932-  |7 xx0020193  |4 aut 
700 1 |a Pecho, Alojz  |7 jx20040413045  |4 aut 
910 |a BOA001  |b 2-0559.587 
990 |a BK 
991 |b 201310 
996 7 |b 2619025460  |c 2-0559.587  |l HP2  |r DEN  |n 0  |w 001369940  |u 000010  |a 1  |e BOA001  |j MZK50  |s A